RICS valuation standards (Record no. 112212)

MARC details
000 -LEADER
fixed length control field 03009cad a22004575a 4500
001 - CONTROL NUMBER
control field L152777
008 - FIXED-LENGTH DATA ELEMENTS--GENERAL INFORMATION
fixed length control field 100312s2011 xxk f f 001 0 eng d
020 ## - INTERNATIONAL STANDARD BOOK NUMBER
International Standard Book Number 9781842196519
035 ## - SYSTEM CONTROL NUMBER
System control number (Sirsi) u152777
041 0# - LANGUAGE CODE
Language code of text/sound track or separate title eng
050 04 - LIBRARY OF CONGRESS CALL NUMBER
Classification number 333.332 $2 18
110 2# - MAIN ENTRY--CORPORATE NAME
Corporate name or jurisdiction name as entry element Royal Institution of Chartered Surveyors
9 (RLIN) 4900
240 00 - UNIFORM TITLE
Uniform title Red Book
245 00 - TITLE STATEMENT
Title RICS valuation standards
Remainder of title global and UK, May 2011
250 ## - EDITION STATEMENT
Edition statement 7th ed.
260 ## - PUBLICATION, DISTRIBUTION, ETC.
Place of publication, distribution, etc. London
Name of publisher, distributor, etc. RICS
Date of publication, distribution, etc. 2011
300 ## - PHYSICAL DESCRIPTION
Extent xii, 320p.
Other physical details spiral bound
Dimensions 24cm.
350 ## - PRICE (NR) (BK AM CF MU VM SE) [OBSOLETE]
Price 165
490 #0 - SERIES STATEMENT
Series statement RICS Guidance Note
490 #0 - SERIES STATEMENT
Series statement RICS Practice Statement
490 #0 - SERIES STATEMENT
Series statement RICS UK Guidance Note
490 #0 - SERIES STATEMENT
Series statement RICS Valuation Information Paper
490 #0 - SERIES STATEMENT
Series statement RICS UK Practice Statement
490 ## - SERIES STATEMENT
Series statement RICS Red Book
505 2# - FORMATTED CONTENTS NOTE
Formatted contents note Introduction: Purpose of these standards -- International Valuation Standards -- Enforcement of these Standards -- How these standards are arranged -- Amendments and exposure drafts -- Effective date -- Translations and national practice statements
505 2# - FORMATTED CONTENTS NOTE
Formatted contents note Glossary
505 2# - FORMATTED CONTENTS NOTE
Formatted contents note Practice statements: PS1 Compliance and ethical requirements -- PS2 Agreement of terms of engagement -- PS3 Basis of value -- PS4 Applications -- PS5 Investigations -- PS6 Valuation Reports
505 2# - FORMATTED CONTENTS NOTE
Formatted contents note Guidance notes: GN1 Trade related property valuations -- GN2 Plant and equipment -- GN3 Valuations of portfolios and groups of properties --GN4 Mineral-bearing land and waste management -- GN5 Valuation uncertainty -- GN6 European Directives and regulations relevant to valuation -- GN7 Personal property
505 2# - FORMATTED CONTENTS NOTE
Formatted contents note UK practice statements: UKPS1 Valuations for financial statements -- UKPS2 Valuations for financial statements: specific applications -- UKPS3 Valuations for loan facilities -- UKPS4 Other applications -- UKPS5 Regulated purpose valuations
505 2# - FORMATTED CONTENTS NOTE
Formatted contents note UK guidance notes: UKGN1 Inspections and material considerations -- UKGN2 Shared ownership of residential property -- UKGN3 Valuations for capital gains tax, inheritance tax and stamp duty land tax -- UKGN4 Valuations for charities -- UKGN5 Local authority disposal of land for less than best consideration
505 2# - FORMATTED CONTENTS NOTE
Formatted contents note Valuation information papers
505 2# - FORMATTED CONTENTS NOTE
Formatted contents note Index
520 ## - SUMMARY, ETC.
Summary, etc. RICS Valuation Standards (The Red Book) is issued by RICS Valuation Faculty and contains mandatory rules and best practice guidance for all RICS members undertaking valuations services worldwide. The standards contained in this sixth edition are compliant with current International Valuation Standards, published by the International Valuation Standards Committee (IVSC).
520 ## - SUMMARY, ETC.
Summary, etc. This edition is effective from
650 24 - SUBJECT ADDED ENTRY--TOPICAL TERM
Topical term or geographic name entry element RICS VALUATION STANDARDS
651 #4 - SUBJECT ADDED ENTRY--GEOGRAPHIC NAME
Geographic name International
690 ## - LOCAL SUBJECT ADDED ENTRY--TOPICAL TERM (OCLC, RLIN)
Topical term or geographic name as entry element PROPERTY-PROPERTY APPRAISAL AND VALUATION
856 40 - ELECTRONIC LOCATION AND ACCESS
Uniform Resource Identifier <a href="https://www.rics.org/Global/Downloads/RICS_Red_Book_2011.pdf">https://www.rics.org/Global/Downloads/RICS_Red_Book_2011.pdf</a>
Public note RICS members can access the guidance notes and practice statements free of charge at www.rics.org/redbook...
942 ## - ADDED ENTRY ELEMENTS (KOHA)
Suppress in OPAC 0
Holdings
Withdrawn status Lost status Source of classification or shelving scheme Damaged status Not for loan Home library Current library Shelving location Date acquired Total Checkouts Full call number Barcode Date last seen Copy number Price effective from Koha item type
    Dewey Decimal Classification     London London RICS Boxes 21/04/2011   RICS 2011/9 30077175 06/08/2019 1 06/08/2019 Archive
    Dewey Decimal Classification     London London RICS Boxes 16/04/2014   RICS 2011/9 30077293 06/08/2019 2 06/08/2019 Book
    Dewey Decimal Classification     London London Books 21/04/2011   333.332 ROY 30075656 06/08/2019 1 06/08/2019 Reference material